Multiple-Choice-Stadtquiz Salzgitter - Statistiken

Allgemein
  • Dieses Quiz wurde 15 mal gespielt
  • Das Durchschnittsergebnis liegt bei 6 aus 10
Antwortstatistiken
Frage Antwort % Korrekt
In welchem Bundesland liegt die Stadt? Niedersachsen
100%
Von dem Namen, aus dem der Stadtteil stammt Salzgitter-Bad
92%
Welches der Bilder zeigt Schloss Salder?
83%
Who commissioned the construction of the city? Hermann Göring
67%
Für welche Rohstoffe, die während des Zweiten Weltkriegs abgebaut wurden, ist Salzgitter bekannt? Eisenerze
58%
Wofür ist das von Ihnen zuvor ausgewählte Stadtviertel bekannt? Sole und damit verbundene Dienstleistungen
58%
In welchem Jahrhundert wurde die Stadt gegründet? XX
58%
Welche Dinosaurierüberreste wurden hier im XX Jahrhundert gefunden? Ichthyosaurus
50%
Was Salzgitter nicht hat, was aber die überwiegende Mehrheit der Städte hat? Kathedrale
50%
Aus wie vielen Stadtteilen besteht die Stadt? 31
8%
Keine übereinstimmenden Quizze gefunden
Verteilung der Resultate
Anzahl Personen mit jedem Resultat
Perzentil nach korrekt beantworteten Fragen
Ihre Resultats-Entwicklung
Sie haben dieses Quiz noch nicht gespielt